Music Quiz

Random Music or Bands Quiz

Backing Bands II Quiz Stats

 Plays Quiz Updated Aug 30, 2019

Score 0/26 Timer 06:00
2 Plays Today
Lead Backing Band % Correct
Hootie and...The Blowfish
93.2%
Bennie and...The Jets
66.3%
Derek and...The Dominos
65.2%
Marky Mark and...The Funky Bunch
52.7%
Katrina and...The Waves
45.2%
Echo and...The Bunnymen
43.7%
Buddy Holly and...The Crickets
42.4%
Iggy (Pop) and...The Stooges
41.3%
George Thorogood and...The Destroyers
40.5%
Booker T. and...The M.G.'s
38.3%
G. Love and...Special Sauce
38%
Béla Fleck and...The Flecktones
36.6%
Neil Young and...Crazy Horse
33.6%
Lead Backing Band % Correct
Smokey Robinson and...The Miracles
32.8%
Mike +...The Mechanics
31.7%
Morris Day and...The Time
25.2%
Stevie Ray Vaughan and...Double Trouble
22.8%
Heavy D and...The Boyz
20.2%
Little Anthony and...The Imperials
16.2%
Junior Walker and...The All Stars
13.8%
Cliff Richard and...The Shadows
12.1%
Dr. Teeth and...The Electric Mayhem
11.6%
Joe Strummer and...The Mescaleros
8.3%
Murph and...The Magic Tones
5.3%
Afrika Bambaataa and...The Soulsonic Force
5.1%
Kid Rock and...Twisted Brown Trucker
3.1%

You're not logged in!

Compare scores with friends on all Sporcle quizzes.
OR
Log In

Sporcle TV

Today on Sporcle TV


Watch our educational content, quiz creation guides, and fun videos on Sporcle TV.

Show Comments

Extras

Top Quizzes Today


Score Distribution

Your Account Isn't Verified!

In order to create a playlist on Sporcle, you need to verify the email address you used during registration. Go to your Sporcle Settings to finish the process.

Report this User

Report this user for behavior that violates our Community Guidelines.

Details: